Научно-техническая политика: глобальные тренды и практики (Запись № 13659402)

Подробности
000 -МАРКЕР
контрольное поле 02148nam0a2200373 4500
001 - ИДЕНТИФИКАТОР ЗАПИСИ
контрольное поле RU\NLR\BIBL_A\022251354
005 - ИДЕНТИФИКАТОР ВЕРСИИ
контрольное поле 20260420010945.0
010 ## - МЕЖДУНАРОДНЫЙ СТАНДАРТНЫЙ НОМЕР КНИГИ (ISBN)
Номер (ISBN) 978-5-7598-3012-2
Тираж 100
021 ## - НОМЕР ГОСУДАРСТВЕННОЙ РЕГИСТРАЦИИ
Код страны Российская Федерация
Номер КН-П-24-026233
Номер Листа государственной регистраци КН-П-24-2691
035 ## - ДРУГИЕ СИСТЕМНЫЕ НОМЕРА
Идентификатор записи (NLR Aleph) 022251354
100 ## - ДАННЫЕ ОБЩЕЙ ОБРАБОТКИ
Данные общей обработки 20240613d2024 k y0rusy50 ca
101 0# - ЯЗЫК РЕСУРСА
Язык текста, звукозаписи и т.д. русский
102 ## - СТРАНА ПУБЛИКАЦИИ ИЛИ ПРОИЗВОДСТВА
Страна публикации Российская Федерация
105 ## - ПОЛЕ КОДИРОВАННЫХ ДАННЫХ: ТЕКСТОВЫЕ МАТЕРИАЛЫ, МОНОГРАФИЧЕСКИЕ
Кодированные данные о монографическом текстовом документе a|||z|||000yy
181 #0 - ПОЛЕ КОДИРОВАННЫХ ДАННЫХ: ВИД СОДЕРЖАНИЯ
Код вида содержания (ISBD) i
Код характеристики содержания (ISBD) axxe
182 #0 - ПОЛЕ КОДИРОВАННЫХ ДАННЫХ: ТИП СРЕДСТВА
Код типа средства (ISBD) n - непосредственное
200 1# - ЗАГЛАВИЕ И СВЕДЕНИЯ ОБ ОТВЕТСТВЕННОСТИ
Основное заглавие Научно-техническая политика: глобальные тренды и практики
Сведения, относящиеся к заглавию результаты исследований за 2022-2023 гг.
Первые сведения об ответственности М. А. Гершман, Ф. Х. Брамбила Мартинес, С. В. Бредихин [и др.]
Последующие сведения об ответственности редакционная коллегия: Л. М. Гохберг, М. А. Гершман
-- Высшая школа экономики, Институт статистических исследований и экономики знаний
203 ## - ВИД СОДЕРЖАНИЯ И ТИП СРЕДСТВА
Вид содержания Текст
Дополнительные сведения об издании визуальный
Тип средства непосредственный
210 ## - ПУБЛИКАЦИЯ, РАСПРОСТРАНЕНИЕ И ДР.
Место издания, распространения и т.д. Москва
Имя издателя, распространителя и т. д. ИСИЭЗ ВШЭ
Дата издания, распространения и т.д. 2024
215 ## - ФИЗИЧЕСКАЯ ХАРАКТЕРИСТИКА
Специфическое обозначение материала и объем 155 с.
Размеры 29
320 ## - ПРИМЕЧАНИЯ О НАЛИЧИИ В ДОКУМЕНТЕ БИБЛИОГРАФИИ / УКАЗАТЕЛЯ
Текст примечания Библиогр.: с. 149-155
606 1# - НАИМЕНОВАНИЕ ТЕМЫ КАК ПРЕДМЕТ
Наименование темы Техническая политика
Системный номер авторитетной/нормативной записи 2647143
Идентификатор авторитетной/нормативной записи RU\NLR\AUTH\6601745363
686 1# - ИНДЕКСЫ ДРУГИХ КЛАССИФИКАЦИЙ
Индекс У5-55
701 #1 - ИМЯ ЛИЦА - АЛЬТЕРНАТИВНАЯ ОТВЕТСТВЕННОСТЬ
Графика поля Кириллица
Материалы, к которым относится поле rus
Начальный элемент ввода Гершман
Часть имени, кроме начального элемента ввода М. А.
Расширение инициалов личного имени Михаил Анатольевич
Системный номер авторитетной/нормативной записи 236073
Идентификатор авторитетной/нормативной записи RU\NLR\AUTH\770236129
701 #1 - ИМЯ ЛИЦА - АЛЬТЕРНАТИВНАЯ ОТВЕТСТВЕННОСТЬ
Графика поля Кириллица
Материалы, к которым относится поле rus
Начальный элемент ввода Брамбила Мартинес
Часть имени, кроме начального элемента ввода Ф. Х.
Расширение инициалов личного имени Франсиско Хавьер
Системный номер авторитетной/нормативной записи 269856
Идентификатор авторитетной/нормативной записи RU\NLR\AUTH\770269912
701 #1 - ИМЯ ЛИЦА - АЛЬТЕРНАТИВНАЯ ОТВЕТСТВЕННОСТЬ
Начальный элемент ввода Бредихин
Часть имени, кроме начального элемента ввода С. В.
702 #1 - ИМЯ ЛИЦА - ВТОРИЧНАЯ ОТВЕТСТВЕННОСТЬ
Код отношения Редактор
Графика поля Кириллица
Материалы, к которым относится поле rus
Начальный элемент ввода Гохберг
Часть имени, кроме начального элемента ввода Л. М.
Даты 1961-
Расширение инициалов личного имени Леонид Маркович
Системный номер авторитетной/нормативной записи 114447
Идентификатор авторитетной/нормативной записи RU\NLR\AUTH\774467
712 02 - НАИМЕНОВАНИЕ ОРГАНИЗАЦИИ - ВТОРИЧНАЯ ОТВЕТСТВЕННОСТЬ
Код отношения Издающая организация
Начальный элемент ввода "Высшая школа экономики", национальный исследовательский университет
Структурное подразделение Институт статистических исследований и экономики знаний
Идентифицирующий признак Москва
Системный номер авторитетной/нормативной записи 654000
Идентификатор авторитетной/нормативной записи RU\NLR\AUTH\880497066
942 ## - ДОПОЛНИТЕЛЬНЫЕ ЭЛЕМЕНТЫ ЗАПИСИ (АБИС)
Тип экземпляра АБИС Книга
980 ## - КОЛЛЕКЦИЯ
Название коллекции Национальная библиография

Нет доступных экземпляров.